Lecciones de cosas : (Record no. 168)
[ view plain ]
| 000 -LEADER | |
|---|---|
| campo de control de longitud fija | 01377cam a22003494a 4500 |
| 001 - NÚMERO DE CONTROL | |
| campo de control | 12740165 |
| 003 - IDENTIFICADOR DE NÚMERO DE CONTROL | |
| campo de control | QMLIXCVB |
| 005 - FECHA Y HORA DE LA ÚLTIMA TRANSACCIÓN | |
| campo de control | 20220326193253.0 |
| 008 - DATOS DE LONGITUD FIJA--INFORMACIÓN GENERAL | |
| campo de control de longitud fija | 020405s1999 cl a bc 000 0 spa |
| 010 ## - NÚMERO DE CONTROL DE LA BIBLIOTECA DEL CONGRESO | |
| Número de control de LC | 2002404545 |
| 020 ## - NÚMERO INTERNACIONAL ESTÁNDAR DEL LIBRO | |
| Número Internacional Estándar del Libro | 9561903032 |
| 035 ## - NÚMERO DE CONTROL DEL SISTEMA | |
| Número de control de sistema | (CVcHKB)kb2001062798 |
| 040 ## - FUENTE DE CATALOGACIÓN | |
| Centro catalogador/agencia de origen | DLC |
| Centro/agencia transcriptor | DLC |
| 042 ## - CÓDIGO DE AUTENTICACIÓN | |
| Código de autenticación | pcc |
| 043 ## - CÓDIGO DE ÁREA GEOGRÁFICA | |
| Código de área geográfica | s-cl--- |
| 050 00 - SIGNATURA TOPOGRÁFICA DE LA BIBLIOTECA DEL CONGRESO | |
| Número de clasificación | N6669.D53 |
| Número de ítem | A755 1999 |
| 082 ## - NÚMERO DE LA CLASIFICACIÓN DECIMAL DEWEY | |
| Número de clasificación | 708 |
| Número de ítem | D542l |
| 245 00 - MENCIÓN DEL TÍTULO | |
| Título | Lecciones de cosas : |
| Resto del título | 7 textos + postfacio sobre quadrivium de Gonzálo Díaz. |
| 246 3# - FORMA VARIANTE DEL TITULO | |
| Título propio/Titulo breve | 7 textos + postfacio sobre quadrivium de Gonzálo Díaz |
| 260 ## - PUBLICACIÓN, DISTRIBUCIÓN, ETC. | |
| Lugar de publicación, distribución, etc. | Santiago de Chile : |
| Nombre del editor, distribuidor, etc. | Editorial La Blanca Montaña : |
| -- | Universidad de Chile-Facultad de Artes, |
| Fecha de publicación, distribución, etc. | 1999. |
| 300 ## - DESCRIPCIÓN FÍSICA | |
| Extensión | 163 p. : |
| Otras características físicas | ill. ; |
| Dimensiones | 19 cm. |
| 440 #0 - MENCIÓN DE SERIE/PUNTO DE ACCESO ADICIONAL--TÍTULO | |
| Título | Serie Pensar lo Visual ; |
| Designación de volumen o secuencia | no. 1 |
| 9 (RLIN) | 812 |
| 500 ## - NOTA GENERAL | |
| Nota general | Based on the work titled Quadrivium ad uso Delphini by Gonzálo Díaz. |
| 504 ## - NOTA DE BIBLIOGRAFÍA, ETC. | |
| Nota de bibliografía, etc. | Includes bibliographical references. |
| 600 10 - PUNTO DE ACCESO ADICIONAL DE MATERIA--NOMBRE DE PERSONA | |
| Nombre de persona | Díaz, Gonzálo. |
| Título de la obra | Quadrivium ad uso Delphini |
| Subdivisión de forma | Exhibitions. |
| 9 (RLIN) | 813 |
| 600 10 - PUNTO DE ACCESO ADICIONAL DE MATERIA--NOMBRE DE PERSONA | |
| Nombre de persona | Díaz, Gonzálo |
| Subdivisión general | Criticism and interpretation. |
| 9 (RLIN) | 814 |
| 650 #0 - PUNTO DE ACCESO ADICIONAL DE MATERIA--TÉRMINO DE MATERIA | |
| Término de materia o nombre geográfico como elemento de entrada | Installations (Art) |
| Subdivisión geográfica | Chile |
| Subdivisión de forma | Exhibitions. |
| 9 (RLIN) | 815 |
| 650 #0 - PUNTO DE ACCESO ADICIONAL DE MATERIA--TÉRMINO DE MATERIA | |
| Término de materia o nombre geográfico como elemento de entrada | exhibiciones |
| Subdivisión geográfica | Chile |
| Subdivisión general | critica-interpretacion |
| -- | Diaz, Gonzalo |
| 9 (RLIN) | 816 |
| 700 1# - ENTRADA AGREGADA--NOMBRE PERSONAL | |
| Nombre de persona | Díaz, Gonzálo. |
| 9 (RLIN) | 817 |
| 906 ## - ELEMENTOS DE DATOS F LOCAL, LDF (RLIN) | |
| a | 7 |
| b | cbc |
| c | origres |
| d | 3 |
| e | ncip |
| f | 20 |
| g | y-gencatlg |
| Estatus retirado | Estado de pérdida | Fuente del sistema de clasificación o colocación | Estado de daño | No para préstamo | Biblioteca de origen | Biblioteca actual | Ubicación en estantería | Fecha de adquisición | Total de préstamos | Signatura topográfica completa | Código de barras | Visto por última vez | Precio de reemplazo | Tipo de ítem Koha |
|---|---|---|---|---|---|---|---|---|---|---|---|---|---|---|
| Clasificación Decimal Dewey | Biblioteca LadoV | Biblioteca LadoV | 23/05/2014 | 708 D542l | 000136 | 23/05/2014 | 23/05/2014 | Material 01 |
